000 00564nam a22001817a 4500
005 20250523113034.0
010 _aENG-144976
020 _c280.00
_a9788119042289
035 _aEN-128508
037 _bDBAD
082 _a370.71
100 _aUsha, G.
_981355
245 _aMicroteaching:
_bSkillls & Episodes/
_cG. Usha
260 _aTamil Nadu
_c2023
_bShanlax
270 _a61,66 T.P.K. Main Road Vasantha Nagar Madurai
_e625003
_bTamil Nadu
_mpublisher @shanlaxpublications.com
300 _a192p.
_b22cm(pb)
942 _2ddc
_cEN
_h370.71
_mUSH
999 _c211394
_d211394